The politics of Wole Soyinka (Record no. 1801)
[ view plain ]
| 000 -LEADER | |
|---|---|
| fixed length control field | 00325nam a22001337a 4500 |
| 008 - FIXED-LENGTH DATA ELEMENTS--GENERAL INFORMATION | |
| fixed length control field | 241127b |||||||| |||| 00| 0 eng d |
| 020 ## - INTERNATIONAL STANDARD BOOK NUMBER | |
| ISBN | 9782679410 |
| 100 ## - MAIN ENTRY--AUTHOR | |
| Author | Adeniran Tunde |
| 245 ## - TITLE STATEMENT | |
| Title | The politics of Wole Soyinka |
| 260 ## - PUBLICATION, DISTRIBUTION, ETC. (IMPRINT) | |
| Place of publication | Ibadan,Nigeria |
| Name of publisher | Fountain |
| Date of publication | 1994 |
| 300 ## - COLLATION | |
| Pagination | 188 |
| 942 ## - ADDED ENTRY ELEMENTS (KOHA) | |
| Item type | Books |
| 050 ## - LIBRARY OF CONGRESS CALL NUMBER | |
| Classification number | PN 1081 |
| Item number | .A34 |
| Source of classification or shelving scheme | Not for loan | Permanent location | Current location | Date acquired | Accession No. | Full call number | Barcode. | Koha item type |
|---|---|---|---|---|---|---|---|---|
| Library of Congress Classification | Samuel Ogbemudia Main Library, University of Abuja | Samuel Ogbemudia Main Library, University of Abuja | 11/27/2024 | 2001/022357 | PN 1081.A34 1994 | 2024-2788 | Books |